|
|
|
|
| LEADER |
00000cim a2200000 a 4500 |
| 001 |
vtls011759679 |
| 003 |
SK-MaSNL |
| 005 |
20260302021114.0 |
| 007 |
sd fungnnmmned |
| 008 |
180601s2018 xo nnnnfs z n slo |
| 015 |
|
|
|a SNBJ2019
|
| 020 |
|
|
|a 9788018072967 (CDROM)
|
| 040 |
|
|
|a SNK
|b slo
|c SNK
|e AACR2
|
| 041 |
0 |
|
|d slo
|
| 044 |
|
|
|a xo
|c SK
|
| 072 |
|
7 |
|a 2-23/-27
|x Biblia. Biblistika
|2 konspekt
|
| 080 |
|
|
|a (086.76)
|2 2011
|
| 080 |
|
|
|a 27-246
|2 2011
|
| 080 |
|
|
|a 27-236.5
|2 2011
|
| 080 |
|
|
|a 27-236
|2 2011
|
| 080 |
|
|
|a (0:82-32)
|2 2011
|
| 245 |
0 |
0 |
|a Biblické príbehy
|h elektronický zdroj
|b Nový zákon
|c prevzaté
|
| 260 |
|
|
|a V Levoči
|b Slovenská knižnica pre nevidiacich Mateja Hrebendu
|c 2018
|
| 300 |
|
|
|a 1 elektronický optický disk (CD-ROM)
|b digitál., MP3
|c 12 cm
|
| 306 |
|
|
|a 040000
|
| 520 |
8 |
|
|a Náboženská literatúra
|
| 521 |
|
|
|a Pre nevidiacich, slabozrakých a inak zdravotne postihnutých
|
| 630 |
0 |
7 |
|a Biblia
|p Nový zákon
|2 SNKPH
|
| 650 |
0 |
7 |
|a biblické postavy
|2 SNKPH
|9 4145
|
| 650 |
0 |
7 |
|a biblické udalosti
|2 SNKPH
|9 4157
|
| 650 |
0 |
7 |
|a biblické parafrázy
|2 SNKPH
|9 74940
|
| 655 |
|
7 |
|a zvukové záznamy
|2 SNKPH
|9 70720
|
| 655 |
|
7 |
|a príbehy
|2 SNKPH
|9 70507
|
| 655 |
|
7 |
|a CD-ROM
|2 SNKPH
|9 70236
|
| 752 |
|
|
|a Slovensko
|d Levoča
|
| 919 |
|
|
|a 978-80-18-07296-7
|
| 958 |
|
|
|a SX
|
| 958 |
|
|
|a NT
|
| 999 |
|
|
|c 1027521
|d 1029451
|
| 952 |
|
|
|a SNK
|b SNK
|y PREZ
|7 0
|p 17A1362626
|o snkSCD 4909
|i snk2019/9951
|8 0
|0 0
|1 0
|4 0
|d 2019-04-08
|l 0
|r 2026-02-24 13:44:06
|w 2026-02-24
|